000 00454nam a2200205Ia 4500
003 OSt
005 20220923230918.0
006 a|||||r|||| 00| 0
007 ta
008 Pun
024 _a306,395
037 _cTextual
040 _aARTS
_cARTS
_bPun
041 _2Pun
_aPun
082 _aQ:W, 153G2
245 0 _aਰਾਜ ਨੀਤੀ ਪ੍ਰਕਾF
260 _c1922
942 _hQ:W, 153G2
_cTEXL
_2CC
999 _c388181
_d388181